The study of sociology / (Record no. 125417)
[ view plain ]
| 000 -LEADER | |
|---|---|
| fixed length control field | 00830cam a2200265 a 4500 |
| 001 - CONTROL NUMBER | |
| control field | 9153976 |
| 003 - CONTROL NUMBER IDENTIFIER | |
| control field | ARRUPE |
| 005 - DATE AND TIME OF LATEST TRANSACTION | |
| control field | 20161004103356.0 |
| 008 - FIXED-LENGTH DATA ELEMENTS--GENERAL INFORMATION | |
| fixed length control field | 830608s1874 nyu 000 0 eng |
| 010 ## - LIBRARY OF CONGRESS CONTROL NUMBER | |
| LC control number | 08031540 |
| 040 ## - CATALOGING SOURCE | |
| Original cataloging agency | DLC |
| Transcribing agency | CarP |
| Modifying agency | DLC |
| 050 00 - LIBRARY OF CONGRESS CALL NUMBER | |
| Classification number | HM585 |
| Item number | .S668 1874 |
| 300 ## - PHYSICAL DESCRIPTION | |
| Dimensions | 25 cm. |
| 100 1# - MAIN ENTRY--PERSONAL NAME | |
| Personal name | Spencer, Herbert, |
| Dates associated with a name | 1820-1903. |
| 9 (RLIN) | 25186 |
| 245 04 - TITLE STATEMENT | |
| Title | The study of sociology / |
| Statement of responsibility, etc | by Herbert Spencer. |
| 260 ## - PUBLICATION, DISTRIBUTION, ETC. (IMPRINT) | |
| Place of publication, distribution, etc | Memphis : |
| Name of publisher, distributor, etc | General Books, |
| Date of publication, distribution, etc | 2012. |
| 300 ## - PHYSICAL DESCRIPTION | |
| Extent | 136 p. ; |
| 500 ## - GENERAL NOTE | |
| General note | Published originally in 1874 |
| 561 ## - OWNERSHIP AND CUSTODIAL HISTORY | |
| Institution to which field applies | DLC |
| 650 #0 - SUBJECT ADDED ENTRY--TOPICAL TERM | |
| Topical term or geographic name as entry element | Sociology. |
| 9 (RLIN) | 26403 |
| 650 #0 - SUBJECT ADDED ENTRY--TOPICAL TERM | |
| Topical term or geographic name as entry element | Sociology |
| General subdivision | Study and teaching |
| 9 (RLIN) | 26404 |
| 906 ## - LOCAL DATA ELEMENT F, LDF (RLIN) | |
| a | 7 |
| b | cbc |
| c | premver |
| d | 1 |
| e | ncip |
| f | 19 |
| g | y-gencatlg |
| 942 ## - ADDED ENTRY ELEMENTS (KOHA) | |
| Source of classification or shelving scheme | Library of Congress Classification |
| Koha item type | Monograph ( Printed materials) |
| Withdrawn status | Lost status | Source of classification or shelving scheme | Damaged status | Not for loan | Collection code | Home library | Current library | Shelving location | Date acquired | Total Checkouts | Full call number | Barcode | Date last seen | Date checked out | Price effective from | Koha item type |
|---|---|---|---|---|---|---|---|---|---|---|---|---|---|---|---|---|
| Library of Congress Classification | Main Collection | ARRUPE LIBRARY | ARRUPE LIBRARY | Main Collection | 04/10/2016 | 2 | HM51.S75 | 46500010624 | 20/08/2020 | 23/03/2020 | 04/10/2016 | Monograph ( Printed materials) |